| 000 | 00725nam a2200241Ia 4500 | ||
|---|---|---|---|
| 008 | 191130s2007##################000#0#eng## | ||
| 020 | _a9781412941037 | ||
| 022 | _a2006025888 | ||
| 040 |
_aACL _cACL |
||
| 082 | _a302.35 PUG | ||
| 100 | _aPugh, Derek Salman | ||
| 245 |
_aWriters on organizations _cDerek S. Pugh, David J. Hickson |
||
| 250 | _a6th ed | ||
| 260 |
_aThousand Oaks, CA _bSAGE Publications _cc2007 |
||
| 300 | _aviii, 202 p. : ill. ; 24 cm | ||
| 500 | _aIncludes bibliographical references and index | ||
| 650 | _aIndustrial management | ||
| 650 | _aOrganizational sociology | ||
| 700 | _aHickson, David John | ||
| 990 | _acdd10ea7ac10000c6aaf432ec7ed578e | ||
| 991 | _a8655 | ||
| 999 |
_c309639 _d309639 |
||